Organización sindical y lucha de clases en la industria de construcción civil del Perú, 1940-1972
Spremljeno u:
| Glavni autor: | |
|---|---|
| Format: | Tekst |
| Izdano: |
Quito :
|
| Oznake: |
Dodaj oznaku
Bez oznaka, Budi prvi tko označuje ovaj zapis!
|
MARC
| LEADER | 00000 a a2200000 04500 | ||
|---|---|---|---|
| 001 | 18865 | ||
| 003 | |||
| 040 | |||
| 090 | |a 015000 | ||
| 100 | |a Maríñez, Pablo A. | ||
| 245 | |a Organización sindical y lucha de clases en la industria de construcción civil del Perú, 1940-1972 | ||
| 260 | |a Quito : | ||
| 300 | |a 54 p. | ||
| 999 | |c 13362 |d 13362 | ||
